000 00541nam a2200169Ia 4500
008 090201s9999 xx 000 0 und d
010 _aKPL-33179
040 _bमराठी
041 _aमराठी
082 _a41139
_b33179
100 _aसी. पु. वालावलकर
245 _aउधळलेलं स्वप्न
_cसी. पु. वालावलकर
260 _c2004
_bगुलमोहर
300 _a232
_bमोठा
600 _aउधळलेलं स्वप्न
942 _cBOOK
999 _c238352
_d238352